Mi is (lett) az RMDSZ

Elmentve itt :
Bibliográfiai részletek
Szerző: MOLNOS Lajos
Adatforrás:Meister
Forrásdokumentuma:Helikon. -
23 sz., 1991, 1 p.
Nyelv:magyar
Kulcsszavak:politikai publicisztika
politikai intézmények
RMDSZ-kongresszus
RMDSZ-alapszabályzat
Marosvásárhely
RMDSZ-Romániai Magyar Demokrata Szövetség
LEADER 00521nab a2200181 i 4500
001 bibPRO00009244
008 060524s1991 xx hun
040 |a Sz1 
041 |a hun 
100 1 |a MOLNOS Lajos 
245 1 0 |a Mi is (lett) az RMDSZ   |c MOLNOS Lajos 
695 |a politikai publicisztika 
695 |a politikai intézmények 
695 |a RMDSZ-kongresszus 
695 |a RMDSZ-alapszabályzat 
695 |a Marosvásárhely 
695 |a RMDSZ-Romániai Magyar Demokrata Szövetség 
773 0 |t Helikon. -  |g 23 sz., 1991, 1 p.